Αλγεβρικές δομές
Αποθηκεύτηκε σε:
| Κύριος συγγραφέας: | |
|---|---|
| Μορφή: | Βιβλίο |
| Γλώσσα: | Greek |
| Δημοσίευση: |
Αθήνα :
ΚΕ.Μ.ΜΕ.,
[19--].
|
| Θέματα: | |
| Ετικέτες: |
Προσθήκη ετικέτας
Δεν υπάρχουν, Καταχωρήστε ετικέτα πρώτοι!
|
MARC
| LEADER | 00000cam a2200000 a 4500 | ||
|---|---|---|---|
| 001 | 1/108236 | ||
| 008 | 150831q19uu####gr | ||| |||| ||gre|| | ||
| 040 | |a GR-MyUa |b gre |c GR-MyUa |e AACR2 | ||
| 041 | 0 | |a gre | |
| 082 | 7 | |a 511.33 |2 (23) | |
| 100 | 1 | |a Λαϊος, Ζήσης. | |
| 245 | 1 | 0 | |a Αλγεβρικές δομές / |c Ζήση Λαϊου. |
| 260 | |a Αθήνα : |b ΚΕ.Μ.ΜΕ., |c [19--]. | ||
| 300 | |a 258 σ. : |b πίν., |c 25 εκ. | ||
| 505 | 8 | |a Ομάδες - δακτύλιοι - σώματα - διανυσματικοί χώροι - πίνακες -ορίζουσες - γραμμικά συστήματα. | |
| 505 | 8 | |a Θεωρία - 100 λυμένα παραδείγματα - 150 λυμένες ασκήσεις - 200 άλυτες ασκήσεις. | |
| 650 | 0 | |a Algebra. | |
| 650 | 0 | |a Ordered algebraic structures. | |
| 852 | |a INST |b SAMOS |c MAG |e 20150831 |h 511.33 ΛΑΙ |p 005300035747 |q 005300035747 |t BK |y 0 | ||
| 970 | |a Σιτζίμη |b Γιασεμή |z 31/08/2015 | ||